Concept Of C Programming / (Record no. 37523)

MARC details
000 -LEADER
fixed length control field 00730nam a22002057a 4500
005 - DATE AND TIME OF LATEST TRANSACTION
control field 20100724121121.0
010 ## - LCCN (DPL NO)
LC control number ENG-96503
020 ## - INTERNATIONAL STANDARD BOOK NUMBER
International Standard Book Number 9788190807456
Terms of availability 150.00
020 ## - INTERNATIONAL STANDARD BOOK NUMBER
International Standard Book Number 9788190807436
Terms of availability 150.00
035 ## - SYSTEM CONTROL NUMBER
System control number EN-80036
037 ## - SOURCE OF ACQUISITION
Source of stock number/acquisition DBAD/PUB
082 ## - DEWEY DECIMAL CLASSIFICATION NUMBER
Classification number 005.133
100 ## - MAIN ENTRY--PERSONAL NAME
Personal name Dharmarajan, R
245 ## - TITLE STATEMENT
Title Concept Of C Programming /
Statement of responsibility, etc by R, Dharmarajan
260 ## - PUBLICATION, DISTRIBUTION, ETC. (IMPRINT)
Place of publication, distribution, etc Coimbatore
Name of publisher, distributor, etc Navayuga Bharathi , "Maruthi Nivasan"
Date of publication, distribution, etc n.d
270 ## - ADDRESS
Address 36/1 ,14th Cross Street, Thirumagal Nagar, Peelamedu Puthur
City Coimbatore
Postal code 641004
300 ## - PHYSICAL DESCRIPTION
Extent 178p.
Dimensions 20cm ( pbk)
942 ## - ADDED ENTRY ELEMENTS (KOHA)
Source of classification or shelving scheme Dewey Decimal Classification
Item type English Books
Call number suffix DHA
Classification part 005.133
Holdings
Withdrawn status Lost status Not for loan Home library Current library Date acquired Source of acquisition Cost, normal purchase price Full call number Barcode Copy number Cost, replacement price Koha item type
    Not For Loan Andrews Gunj D.B.Act.Division 24/07/2010 DBAD/PUB 150.00 DHA EN-80036 1 150.00 English Books

© Delhi Public Library
Hit Counter
free hit counter